[Event "12. Friedrichrodaer Open"]
[Site "Friedrichroda"]
[Date "2008.08.08"]
[Round "4.15"]
[White "Anschütz, Mario"]
[Black "Jäkel, Matthias"]
[Result "1-0"]
[WhiteElo "2009"]
[BlackElo "1467"]
[PlyCount "65"]
[EventDate "2008.08.??"]
[EventType "swiss"]
[EventRounds "7"]
[WhiteTeam "ZSG Grün-Weiß Waltershausen"]
[BlackTeam "TSG Neuruppin"]

1. d4 Nf6 2. c4 g6 3. Nc3 d5 4. cxd5 Nxd5 5. e4 Nxc3 6. bxc3 Bg7 7. Qc2 O-O 8.
Bc4 c5 9. d5 Nd7 10. a4 a6 11. Ne2 Nb6 12. Ba2 Bd7 13. a5 Nc8 14. Bb1 e6 15.
Be3 Qc7 16. Bf4 Be5 17. Bxe5 Qxe5 18. f4 Qh5 19. c4 exd5 20. cxd5 Bb5 21. Ra3
Nd6 22. e5 Nc4 23. Rh3 Qg4 24. Rg3 Qd7 25. h4 f5 26. h5 Qf7 27. hxg6 hxg6 28.
Rh6 Kg7 29. Rhxg6+ Qxg6 30. Rxg6+ Kxg6 31. g4 Ne3 32. gxf5+ Nxf5 33. Ng3 1-0

[Event "12. Friedrichrodaer Open"]
[Site "Friedrichroda"]
[Date "2008.08.08"]
[Round "4.16"]
[White "Maczollek, Helmut"]
[Black "Vredenborg, Carel"]
[Result "1/2-1/2"]
[WhiteElo "1719"]
[BlackElo "2010"]
[PlyCount "25"]
[EventDate "2008.08.??"]
[EventType "swiss"]
[EventRounds "7"]
[WhiteTeam "Schachklub Turm Lage 1926"]
[BlackTeam "Charleroi Rotterdam"]

1. d4 Nf6 2. Nf3 e6 3. e3 b6 4. Bd3 Bb7 5. Nbd2 d5 6. O-O Be7 7. Re1 O-O 8. c3
Nbd7 9. e4 dxe4 10. Nxe4 Nxe4 11. Bxe4 Bxe4 12. Rxe4 Nf6 13. Re1 1/2-1/2

[Event "12. Friedrichrodaer Open"]
[Site "Friedrichroda"]
[Date "2008.08.08"]
[Round "4.17"]
[White "Neumann, Karsten"]
[Black "Krutsch, Thomas"]
[Result "1/2-1/2"]
[WhiteElo "1690"]
[BlackElo "1433"]
[PlyCount "55"]
[EventDate "2008.08.??"]
[EventType "swiss"]
[EventRounds "7"]
[WhiteTeam "TSG Neuruppin"]
[BlackTeam "SG Burgtonna"]

1. d4 c6 2. c4 d5 3. cxd5 cxd5 4. Nf3 Nc6 5. Nc3 Nf6 6. Bf4 a6 7. e3 Bg4 8. Be2
e6 9. O-O Bd6 10. Bxd6 Qxd6 11. a3 b5 12. h3 Bh5 13. b4 Rc8 14. Qb3 Na7 15.
Rfe1 O-O 16. Ne5 Bxe2 17. Rxe2 Qc7 18. Rc1 Nd7 19. Nxd7 Qxd7 20. Rec2 Rc4 21.
Ne2 Rfc8 22. Nf4 Qc7 23. Rxc4 bxc4 24. Qb2 Rb8 25. Nd3 Qb6 26. Nc5 Qb5 27. Rb1
a5 28. Qc3 1/2-1/2

[Event "12. Friedrichrodaer Open"]
[Site "Friedrichroda"]
[Date "2008.08.08"]
[Round "4.18"]
[White "Künne, Lutz Dieter"]
[Black "Hansch, Stephan"]
[Result "0-1"]
[WhiteElo "1593"]
[BlackElo "1555"]
[PlyCount "46"]
[EventDate "2008.08.??"]
[EventType "swiss"]
[EventRounds "7"]
[WhiteTeam "Kings Club 98 Jena"]
[BlackTeam "Stendaler Schachklub e.V."]

1. e4 c5 2. Nc3 d6 3. d3 Nc6 4. g3 g6 5. Bg2 Bg7 6. f4 e6 7. Nf3 Nge7 8. O-O
O-O 9. Be3 Nd4 10. e5 Nef5 11. Bf2 Nxf3+ 12. Qxf3 Nd4 13. Qd1 dxe5 14. Ne4 exf4
15. gxf4 Qc7 16. c3 Nf5 17. Bxc5 Rd8 18. Bf2 Bh6 19. Nf6+ Kg7 20. Ng4 Bxf4 21.
Bg3 Bxg3 22. hxg3 Qxg3 23. Qf3 Rxd3 0-1

[Event "12. Friedrichrodaer Open"]
[Site "Friedrichroda"]
[Date "2008.08.08"]
[Round "4.19"]
[White "Kirves, Bernd"]
[Black "Winter, Katharina"]
[Result "1/2-1/2"]
[WhiteElo "1236"]
[BlackElo "1486"]
[PlyCount "72"]
[EventDate "2008.08.??"]
[EventType "swiss"]
[EventRounds "7"]
[WhiteTeam "ZSG Grün-Weiß Waltershausen"]
[BlackTeam "SV Lok Engelsdorf"]

1. c4 e5 2. e3 Nf6 3. d4 exd4 4. Qxd4 Nc6 5. Qd1 d6 6. h3 Bf5 7. a3 g6 8. Nc3
Bg7 9. Nf3 O-O 10. Be2 Qd7 11. O-O Rad8 12. Nb5 d5 13. Nbd4 dxc4 14. Bxc4 Be4
15. Qe2 a6 16. b4 b5 17. Bd3 Bxd3 18. Qxd3 Nxd4 19. Nxd4 Qc8 20. Bb2 c5 21.
bxc5 Qxc5 22. Rfc1 Qa7 23. Qe2 Ne4 24. Nc6 Rd2 25. Nxa7 Rxe2 26. Bxg7 Kxg7 27.
f3 Nd6 28. e4 Nc4 29. a4 Ne3 30. g4 Rd8 31. Re1 Rg2+ 32. Kh1 Rd3 33. Rxe3 Rdd2
34. Rae1 Rh2+ 35. Kg1 Rhg2+ 36. Kh1 Rh2+ 1/2-1/2

[Event "12. Friedrichrodaer Open"]
[Site "Friedrichroda"]
[Date "2008.08.08"]
[Round "4.20"]
[White "Burkhardt, Kai"]
[Black "Plötz, Hans-Jürgen"]
[Result "1-0"]
[WhiteElo "1172"]
[BlackElo "1631"]
[PlyCount "55"]
[EventDate "2008.08.??"]
[EventType "swiss"]
[EventRounds "7"]
[WhiteTeam "ZSG Grün-Weiß Waltershausen"]
[BlackTeam "SC Bad Nauheim"]

1. e4 d6 2. d4 Nf6 3. Nc3 Nbd7 4. Nf3 e5 5. Bc4 Be7 6. O-O O-O 7. Bg5 c6 8. Re1
a6 9. a4 h6 10. Be3 Qc7 11. Ba2 exd4 12. Bxd4 c5 13. Be3 b6 14. Bf4 Ne5 15. Nd5
Nxd5 16. Bxd5 Bb7 17. Bxb7 Nxf3+ 18. Qxf3 Qxb7 19. Qg3 g5 20. Bxd6 Bxd6 21.
Qxd6 Kh7 22. e5 Rad8 23. Qf6 Rd2 24. e6 Re8 25. exf7 Rf8 26. Re7 Qd5 27. h3
Rxc2 28. Re6 1-0

[Event "12. Friedrichrodaer Open"]
[Site "Friedrichroda"]
[Date "2008.08.08"]
[Round "4.21"]
[White "Maslowski, Kai"]
[Black "Scholz, Bodo"]
[Result "1-0"]
[WhiteElo "1433"]
[BlackElo "1383"]
[PlyCount "149"]
[EventDate "2008.08.??"]
[EventType "swiss"]
[EventRounds "7"]
[WhiteTeam "TSG Neuruppin"]
[BlackTeam "SG Schweina 1949"]

1. d4 d5 2. c4 c6 3. cxd5 cxd5 4. Nc3 Nf6 5. Bf4 Qb6 6. Qd2 Bd7 7. e3 e6 8. Nf3
Bb4 9. Bd3 O-O 10. O-O Ne4 11. Qc2 f5 12. Bxe4 fxe4 13. Ne5 Rc8 14. Qb3 Bxc3
15. bxc3 Qxb3 16. axb3 Rxc3 17. Rab1 Bb5 18. Rfc1 Rxc1+ 19. Rxc1 Nc6 20. Rc5 a5
21. Rxb5 a4 22. bxa4 Rxa4 23. h3 Rb4 24. Rc5 Nxe5 25. Bxe5 Rb1+ 26. Kh2 b5 27.
Bc7 Kf7 28. Kg3 b4 29. Ba5 h6 30. Rb5 b3 31. Rb7+ Kf6 32. Bc7 g5 33. Kg4 Kg6
34. Be5 h5+ 35. Kg3 Kf5 36. Rf7+ Kg6 37. Rf6+ Kh7 38. Rxe6 Rb2 39. Rf6 Rb1 40.
f4 exf3 41. Rxf3 Kg6 42. Rf6+ Kh7 43. Rb6 Rb2 44. Bf6 h4+ 45. Kh2 Kg6 46. e4
dxe4 47. d5 Rb1 48. Be5+ Kf5 49. Bc3 e3 50. d6 Ke6 51. Bb4 e2 52. Rb7 b2 53.
Re7+ Kd5 54. Rxe2 Rh1+ 55. Kxh1 b1=Q+ 56. Re1 Qd3 57. d7 Kc6 58. Re6+ Kxd7 59.
Rd6+ Qxd6 60. Bxd6 Kxd6 61. g3 hxg3 62. Kg2 Ke5 63. Kf3 g2 64. Kxg2 Kf4 65. Kf2
Ke4 66. Ke2 Kf5 67. Kf2 Kf4 68. Kg2 Ke3 69. Kg3 Ke4 70. Kg4 Ke5 71. Kxg5 Ke6
72. Kg6 Ke7 73. Kg7 Ke6 74. h4 Kf5 75. h5 1-0

[Event "12. Friedrichrodaer Open"]
[Site "Friedrichroda"]
[Date "2008.08.08"]
[Round "4.22"]
[White "Urban, Thomas"]
[Black "Losch, Marika"]
[Result "1/2-1/2"]
[WhiteElo "1222"]
[BlackElo "1276"]
[PlyCount "48"]
[EventDate "2008.08.??"]
[EventType "swiss"]
[EventRounds "7"]
[WhiteTeam "TSG Apolda"]
[BlackTeam "vereinslos"]

1. e4 c5 2. Nf3 a6 3. a4 Nf6 4. e5 Nd5 5. d4 e6 6. c3 d6 7. Bc4 Nb6 8. Qb3 d5
9. Be2 c4 10. Qc2 f5 11. a5 N6d7 12. b4 Be7 13. Qa4 O-O 14. O-O Rf7 15. b5 b6
16. Bb2 axb5 17. Qxb5 Rxa5 18. Rxa5 bxa5 19. Ba3 Qb6 20. Qxb6 Nxb6 21. Bd1 Bxa3
22. Nxa3 Rb7 23. Bc2 N6d7 24. Rb1 Kf8 1/2-1/2

[Event "12. Friedrichrodaer Open"]
[Site "Friedrichroda"]
[Date "2008.08.08"]
[Round "4.24"]
[White "Schirrmeister, Laura"]
[Black "Töpfer, Lisette"]
[Result "1/2-1/2"]
[WhiteElo "823"]
[BlackElo "848"]
[PlyCount "129"]
[EventDate "2008.08.??"]
[EventType "swiss"]
[EventRounds "7"]
[WhiteTeam "SG Burgtonna"]
[BlackTeam "ZSG Grün-Weiß Waltershausen"]

1. e4 e5 2. Nf3 d6 3. Bc4 Qe7 4. d3 b6 5. O-O Nc6 6. Nc3 Bb7 7. Bb5 Nf6 8. Bg5
h6 9. Bh4 O-O-O 10. Nd5 Qe8 11. Nxf6 gxf6 12. Bxf6 Rg8 13. Bxd8 Qxd8 14. c3 Qd7
15. h3 Kd8 16. d4 f6 17. d5 Qg7 18. g3 Qd7 19. dxc6 Bxc6 20. Bxc6 Qxc6 21. Qb3
Rg7 22. Qd5 Qxd5 23. exd5 Be7 24. b4 f5 25. Rfe1 Bf6 26. Kg2 h5 27. Nh4 f4 28.
Nf5 Rg5 29. Nh6 Ke8 30. h4 Rg6 31. Nf5 fxg3 32. Nxg3 Bxh4 33. Kf3 Bxg3 34. fxg3
a5 35. Rg1 Kf7 36. Rg2 Kf6 37. Rag1 Rg4 38. a3 Kg5 39. c4 Rxc4 40. g4 h4 41.
Kf2 axb4 42. axb4 Rxb4 43. Ke3 h3 44. Rg3 h2 45. Rh1 Rb3+ 46. Kf2 Rb2+ 47. Kf1
b5 48. Rh3 Kxg4 49. R3xh2 Rb3 50. Ke2 b4 51. Rf1 Rb2+ 52. Ke3 Rxh2 53. Rg1+ Kh4
54. Kd3 Rh3+ 55. Kc4 Rc3+ 56. Kxb4 Rf3 57. Kb5 Rf4 58. Kc6 Rc4+ 59. Kd7 e4 60.
Ke6 c6 61. Kxd6 cxd5 62. Kxd5 Ra4 63. Re1 Kg4 64. Rxe4+ Rxe4 65. Kxe4 1/2-1/2

[Event "12. Friedrichrodaer Open"]
[Site "Friedrichroda"]
[Date "2008.08.09"]
[Round "5.1"]
[White "Gutman, Lev"]
[Black "Stiefel, Roland"]
[Result "1-0"]
[WhiteElo "2497"]
[BlackElo "2056"]
[PlyCount "63"]
[EventDate "2008.08.??"]
[EventType "swiss"]
[EventRounds "7"]
[WhiteTeam "SC Melle 03"]
[BlackTeam "ZSG Grün-Weiß Waltershausen"]

1. Nf3 Nf6 2. g3 d6 3. d4 g6 4. Bg2 Bg7 5. O-O O-O 6. a4 c6 7. a5 Nbd7 8. Qd3
Qc7 9. Rd1 Rd8 10. e4 Nf8 11. h3 Bd7 12. c4 b5 13. cxb5 cxb5 14. Be3 Rac8 15.
Nbd2 e5 16. Qa3 d5 17. Nxe5 dxe4 18. Rac1 Qb8 19. Bf4 Rxc1 20. Rxc1 b4 21. Qb3
Be6 22. Qa4 Qb7 23. Nc6 Qd7 24. Bg5 Bd5 25. Bxf6 Bxf6 26. Nxe4 Bxe4 27. Bxe4
Re8 28. Bg2 Bxd4 29. Qxb4 Ne6 30. Qd2 Rf8 31. Rd1 Re8 32. Kh2 1-0

[Event "12. Friedrichrodaer Open"]
[Site "Friedrichroda"]
[Date "2008.08.09"]
[Round "5.2"]
[White "Natsidis, Christoph"]
[Black "Langheinrich, Ferenc"]
[Result "0-1"]
[WhiteElo "2309"]
[BlackElo "2412"]
[PlyCount "70"]
[EventDate "2008.08.??"]
[EventType "swiss"]
[EventRounds "7"]
[WhiteTeam "SC Leipzig-Gohlis"]
[BlackTeam "SV Empor Erfurt"]

1. d4 d5 2. Nf3 Nf6 3. c4 c6 4. Nc3 a6 5. c5 Nbd7 6. Bf4 Nh5 7. Bc1 g6 8. h3
Bg7 9. g4 Nhf6 10. Bf4 O-O 11. Qc2 Re8 12. Bg2 h5 13. O-O-O b6 14. Ne5 bxc5 15.
g5 Nxe5 16. gxf6 exf6 17. dxe5 fxe5 18. Bg3 h4 19. Nxd5 hxg3 20. Ne3 Qf6 21.
Nc4 e4 22. Nd6 Bf5 23. Nxe8 Rxe8 24. e3 Rb8 25. Rd2 gxf2 26. Rf1 Qg5 27. Rfxf2
Bxb2+ 28. Kd1 Qxe3 29. Rfe2 Qf4 30. Bxe4 Bxh3 31. Rf2 Qg4+ 32. Ke1 Qg1+ 33. Ke2
Bg4+ 34. Kd3 Qg3+ 35. Kc4 Be6+ 0-1

[Event "12. Friedrichrodaer Open"]
[Site "Friedrichroda"]
[Date "2008.08.09"]
[Round "5.3"]
[White "Wüst, Michael"]
[Black "Haase, Reinhard"]
[Result "0-1"]
[WhiteElo "2041"]
[BlackElo "2136"]
[PlyCount "82"]
[EventDate "2008.08.??"]
[EventType "swiss"]
[EventRounds "7"]
[WhiteTeam "PTSV SK Hof 1892"]
[BlackTeam "SC Fulda"]

1. d4 d5 2. c4 Nc6 3. e3 e5 4. cxd5 Qxd5 5. Nc3 Bb4 6. Bd2 Bxc3 7. bxc3 Nf6 8.
c4 Qd6 9. d5 Ne7 10. Bd3 O-O 11. e4 c6 12. Ne2 b5 13. cxb5 cxd5 14. Bg5 dxe4
15. Bc2 Qb4+ 16. Qd2 Qxd2+ 17. Bxd2 Be6 18. Ng3 Rfc8 19. Rc1 Bxa2 20. Nxe4 Nxe4
21. Bxe4 Rxc1+ 22. Bxc1 Rb8 23. Ba3 Bd5 24. Ke2 Bxe4 25. Bxe7 Rxb5 26. Ra1 Bxg2
27. Rxa7 f6 28. Ba3 h6 29. Rc7 Rb3 30. Bd6 Rb2+ 31. Ke3 Ra2 32. Bc5 Ra8 33. Ke2
Kh7 34. Ke3 Kg6 35. Ke2 Rg8 36. Ke3 Kf5 37. Ba3 Bf1 38. Ra7 Rd8 39. f3 Bb5 40.
Kf2 Rd2+ 41. Kg3 Bf1 0-1

[Event "12. Friedrichrodaer Open"]
[Site "Friedrichroda"]
[Date "2008.08.09"]
[Round "5.5"]
[White "Zimmer, Frank"]
[Black "Bohatschek, Daniel"]
[Result "1-0"]
[WhiteElo "1796"]
[BlackElo "1955"]
[PlyCount "55"]
[EventDate "2008.08.??"]
[EventType "swiss"]
[EventRounds "7"]
[WhiteTeam "SK Nürnberg 1911 - Grundig e.V."]
[BlackTeam "ZSG Grün-Weiß Waltershausen"]

1. e4 c5 2. d4 cxd4 3. c3 dxc3 4. Nxc3 a6 5. Nf3 d6 6. Bc4 e6 7. O-O b5 8. Bb3
Ra7 9. Bg5 Ne7 10. Nd4 h6 11. Bh4 Qb6 12. a4 b4 13. a5 Qb7 14. Na4 Qxe4 15. Bg3
Nf5 16. Nxf5 Qxf5 17. Rc1 e5 18. f4 e4 19. Qd4 Rb7 20. Bd5 Re7 21. Nb6 Bd7 22.
Qxb4 Re6 23. Nxd7 Nxd7 24. Bxe6 fxe6 25. Rc8+ Ke7 26. Bh4+ g5 27. fxg5 Qg4 28.
g6+ 1-0

[Event "12. Friedrichrodaer Open"]
[Site "Friedrichroda"]
[Date "2008.08.09"]
[Round "5.6"]
[White "Hansch, Torsten"]
[Black "Bauer, Andreas"]
[Result "1-0"]
[WhiteElo "2226"]
[BlackElo "1986"]
[PlyCount "141"]
[EventDate "2008.08.??"]
[EventType "swiss"]
[EventRounds "7"]
[WhiteTeam "Stendaler Schachklub e.V."]
[BlackTeam "SC Emmendingen 1937 e.V."]

1. e4 c5 2. Nf3 Nc6 3. d3 g6 4. g3 Bg7 5. Bg2 d6 6. O-O e5 7. c3 Nge7 8. Be3
O-O 9. Qd2 f5 10. Bh6 f4 11. Bxg7 Kxg7 12. d4 fxg3 13. fxg3 b6 14. Na3 h6 15.
b4 cxb4 16. cxb4 Bg4 17. Nc2 Rc8 18. h3 Bxf3 19. Bxf3 exd4 20. Nxd4 Nxd4 21.
Qxd4+ Kh7 22. Rad1 Nc6 23. Qxd6 Qxd6 24. Rxd6 Ne5 25. Be2 Rfe8 26. Rf2 Kg7 27.
Kg2 Re7 28. Bb5 Rcc7 29. Rd4 Rc8 30. Ba4 Rcc7 31. Rc2 Rxc2+ 32. Bxc2 Rd7 33.
Rxd7+ Nxd7 34. Kf3 Ne5+ 35. Ke3 Kf6 36. Bb3 Ke7 37. Bd5 g5 38. Bb3 Kd6 39. Ba4
Nf7 40. Be8 Ne5 41. Bb5 Kc7 42. Be2 Kd6 43. Kd4 Nc6+ 44. Kc4 Ke5 45. Bd3 Nd4
46. a4 Nc6 47. Kb5 Nb8 48. a5 bxa5 49. bxa5 Kd6 50. Be2 Ke5 51. Bf3 Kd6 52. Bg4
Ke5 53. Bf5 Kd6 54. g4 Kc7 55. e5 a6+ 56. Ka4 Nc6 57. Bd3 Nxe5 58. Bxa6 Ng6 59.
Bf1 Nf4 60. Kb4 h5 61. Kc5 Kb7 62. Kd4 Nxh3 63. gxh5 Nf4 64. h6 Ne6+ 65. Ke5
Nf8 66. Kf5 g4 67. Kxg4 Ka7 68. Kf5 Kb8 69. Bd3 Nh7 70. Ke5 Nf8 71. Bf5 1-0

[Event "12. Friedrichrodaer Open"]
[Site "Friedrichroda"]
[Date "2008.08.09"]
[Round "5.7"]
[White "Anschütz, Mario"]
[Black "Stümer, Paul"]
[Result "1/2-1/2"]
[WhiteElo "2009"]
[BlackElo "2170"]
[PlyCount "55"]
[EventDate "2008.08.??"]
[EventType "swiss"]
[EventRounds "7"]
[WhiteTeam "ZSG Grün-Weiß Waltershausen"]
[BlackTeam "Schachverein Bergneustadt/Dersch"]

1. d4 Nf6 2. c4 g6 3. Nc3 Bg7 4. e4 d6 5. f4 O-O 6. Nf3 c5 7. d5 e6 8. dxe6
fxe6 9. Be2 Nc6 10. O-O a6 11. Kh1 Rb8 12. a4 Qe7 13. Ra3 b6 14. Bd3 Nd4 15. e5
Nh5 16. Ng5 Bb7 17. Nxh7 Qh4 18. Nxf8 Rxf8 19. Kg1 dxe5 20. Be4 Bxe4 21. Nxe4
exf4 22. Rh3 Qe7 23. Qg4 Qf7 24. Qg5 e5 25. b3 Qf5 26. Qxf5 gxf5 27. Ng5 Nf6
28. Re1 1/2-1/2

[Event "12. Friedrichrodaer Open"]
[Site "Friedrichroda"]
[Date "2008.08.09"]
[Round "5.8"]
[White "Wahlicht, Mike"]
[Black "Michalowski, Peter"]
[Result "1-0"]
[WhiteElo "2002"]
[BlackElo "2038"]
[PlyCount "79"]
[EventDate "2008.08.??"]
[EventType "swiss"]
[EventRounds "7"]
[WhiteTeam "SV Empor Erfurt"]
[BlackTeam "SV Empor Erfurt"]

1. e4 c5 2. c3 Nf6 3. e5 Nd5 4. Nf3 Nc6 5. Bc4 e6 6. O-O Nb6 7. Bb3 d6 8. d4
dxe5 9. Nxe5 Nxe5 10. dxe5 Qxd1 11. Bxd1 Bd7 12. Bf3 O-O-O 13. Bg5 Re8 14. Rd1
Be7 15. Bf4 Kc7 16. b3 Bc6 17. Nd2 Bxf3 18. Nxf3 c4 19. Be3 Nd5 20. Bd4 cxb3
21. axb3 a6 22. Nd2 Rc8 23. Ne4 Kc6 24. Nd6 Bxd6 25. exd6 f6 26. c4 Nf4 27. Kf1
e5 28. Be3 Ne6 29. Rd5 Rhd8 30. Rad1 Rd7 31. b4 b5 32. cxb5+ axb5 33. R5d3 Rcd8
34. Rc1+ Kb7 35. Bc5 Nxc5 36. bxc5 Kc6 37. Ra3 Rf7 38. Ra6+ Kb7 39. Rb6+ Kc8
40. Ra1 1-0

[Event "12. Friedrichrodaer Open"]
[Site "Friedrichroda"]
[Date "2008.08.09"]
[Round "5.9"]
[White "Seifart, Mario"]
[Black "Richter, Jan"]
[Result "1/2-1/2"]
[WhiteElo "1992"]
[BlackElo "2068"]
[PlyCount "36"]
[EventDate "2008.08.??"]
[EventType "swiss"]
[EventRounds "7"]
[WhiteTeam "SC Tempo Göttingen"]
[BlackTeam "SV Schott Jena"]

1. d4 Nf6 2. c4 c5 3. d5 b5 4. cxb5 a6 5. bxa6 Bxa6 6. Nc3 d6 7. Nf3 g6 8. Nd2
Bg7 9. e4 Bxf1 10. Nxf1 Qa5 11. Bd2 O-O 12. Ne3 Qa6 13. Qe2 Nbd7 14. Qxa6 Rxa6
15. Kd1 Rb8 16. Kc2 e6 17. Rhb1 Nb6 18. f3 Nfd7 1/2-1/2

[Event "12. Friedrichrodaer Open"]
[Site "Friedrichroda"]
[Date "2008.08.09"]
[Round "5.10"]
[White "Stadtmueller, Harald"]
[Black "Jörges, Frank"]
[Result "1-0"]
[WhiteElo "2192"]
[BlackElo "2018"]
[PlyCount "85"]
[EventDate "2008.08.??"]
[EventType "swiss"]
[EventRounds "7"]
[WhiteTeam "VSG 1880 Offenbach"]
[BlackTeam "ESV Lok Meiningen"]

1. d4 d5 2. Nf3 Nf6 3. Bf4 e6 4. e3 Bd6 5. Bg3 O-O 6. Bd3 Re8 7. Nbd2 Bxg3 8.
hxg3 Nbd7 9. Ne5 Nf8 10. Qf3 Re7 11. O-O-O c5 12. c3 cxd4 13. exd4 Bd7 14. g4
g6 15. g5 Ne8 16. Rh4 Qa5 17. Rdh1 b5 18. Kb1 b4 19. c4 Rb8 20. Nb3 Qc7 21. c5
Ba4 22. Qh3 f5 23. gxf6 Nxf6 24. f3 Bxb3 25. axb3 Rg7 26. g4 N6d7 27. f4 Nxe5
28. fxe5 Re8 29. g5 Ree7 30. Rf4 Ref7 31. Rf6 a5 32. Bb5 Qb7 33. Ba4 Qa6 34.
Rhf1 Qe2 35. c6 Rxf6 36. gxf6 Qe4+ 37. Ka2 Rc7 38. Qh6 Qxd4 39. f7+ Rxf7 40.
Rxf7 Kxf7 41. Qg5 Qb6 42. Qf6+ Kg8 43. Qe7 1-0

[Event "12. Friedrichrodaer Open"]
[Site "Friedrichroda"]
[Date "2008.08.09"]
[Round "5.11"]
[White "Hilbenz, Guntram"]
[Black "Hansch, Karsten"]
[Result "1/2-1/2"]
[WhiteElo "2013"]
[BlackElo "1581"]
[PlyCount "51"]
[EventDate "2008.08.??"]
[EventType "swiss"]
[EventRounds "7"]
[WhiteTeam "SC Bad Nauheim"]
[BlackTeam "Stendaler Schachklub e.V."]

1. Nf3 Nf6 2. c4 g6 3. g3 Bg7 4. Bg2 O-O 5. O-O d6 6. Nc3 e5 7. d3 c6 8. Rb1 a5
9. a3 Qc7 10. b4 axb4 11. axb4 Be6 12. Ng5 Bf5 13. Bb2 h6 14. Nge4 Nbd7 15. Ra1
Nxe4 16. Nxe4 Nf6 17. Nxf6+ Bxf6 18. Qb3 Be6 19. b5 Qb6 20. Bc3 Bg4 21. Qb2
cxb5 22. cxb5 Bd7 23. Rxa8 Rxa8 24. Rb1 h5 25. h4 Be6 26. Ra1 1/2-1/2

[Event "12. Friedrichrodaer Open"]
[Site "Friedrichroda"]
[Date "2008.08.09"]
[Round "5.12"]
[White "Hansch, Stephan"]
[Black "Heß, Jürgen"]
[Result "0-1"]
[WhiteElo "1555"]
[BlackElo "2034"]
[PlyCount "30"]
[EventDate "2008.08.??"]
[EventType "swiss"]
[EventRounds "7"]
[WhiteTeam "Stendaler Schachklub e.V."]
[BlackTeam "ESV Lok Sömmerda"]

1. d4 Nf6 2. Nf3 d5 3. e3 e6 4. Bd3 c5 5. b3 Nc6 6. Bb2 a6 7. a3 b5 8. c4 bxc4
9. bxc4 Rb8 10. Bc3 cxd4 11. Nxd4 Ne5 12. Nxe6 Nxd3+ 13. Qxd3 fxe6 14. Nd2 dxc4
15. Qxc4 Qd5 0-1

[Event "12. Friedrichrodaer Open"]
[Site "Friedrichroda"]
[Date "2008.08.09"]
[Round "5.14"]
[White "Rößner, Uwe"]
[Black "Maslowski, Kai"]
[Result "1/2-1/2"]
[WhiteElo "1939"]
[BlackElo "1433"]
[PlyCount "63"]
[EventDate "2008.08.??"]
[EventType "swiss"]
[EventRounds "7"]
[WhiteTeam "ESV Lok Meiningen"]
[BlackTeam "TSG Neuruppin"]

1. g3 Nf6 2. Bg2 g6 3. c4 d5 4. cxd5 Nxd5 5. Nc3 Nxc3 6. bxc3 Bg7 7. Nf3 O-O 8.
O-O Nc6 9. Qc2 Rb8 10. Rb1 b6 11. d3 Bb7 12. Bb2 Ne5 13. Nxe5 Bxg2 14. Kxg2
Bxe5 15. c4 Bxb2 16. Rxb2 Qd7 17. Rfb1 Rb7 18. Kg1 c6 19. a4 Rfb8 20. Qc3 b5
21. axb5 cxb5 22. cxb5 Rxb5 23. Rxb5 Rxb5 24. Ra1 Qb7 25. d4 Rb1+ 26. Rxb1
Qxb1+ 27. Kg2 Qb5 28. e4 a5 29. Kf3 a4 30. Ke3 Qa6 31. Qa3 Qa5 32. Ke2 1/2-1/2

[Event "12. Friedrichrodaer Open"]
[Site "Friedrichroda"]
[Date "2008.08.09"]
[Round "5.15"]
[White "Vredenborg, Carel"]
[Black "Burkhardt, Kai"]
[Result "1-0"]
[WhiteElo "2010"]
[BlackElo "1172"]
[PlyCount "25"]
[EventDate "2008.08.??"]
[EventType "swiss"]
[EventRounds "7"]
[WhiteTeam "Charleroi Rotterdam"]
[BlackTeam "ZSG Grün-Weiß Waltershausen"]

1. e4 c5 2. Nf3 Nc6 3. d4 cxd4 4. Nxd4 g6 5. Nc3 Bg7 6. Be3 e6 7. Ndb5 Bf8 8.
Bf4 e5 9. Nd5 Bb4+ 10. Nxb4 Qa5 11. Bd2 Nxb4 12. a3 Nxc2+ 13. Qxc2 1-0

[Event "12. Friedrichrodaer Open"]
[Site "Friedrichroda"]
[Date "2008.08.09"]
[Round "5.16"]
[White "Hillgaertner, Walter"]
[Black "Krutsch, Thomas"]
[Result "1/2-1/2"]
[WhiteElo "1999"]
[BlackElo "1433"]
[PlyCount "43"]
[EventDate "2008.08.??"]
[EventType "swiss"]
[EventRounds "7"]
[WhiteTeam "SC Bad Nauheim"]
[BlackTeam "SG Burgtonna"]

1. Nf3 c6 2. c4 d5 3. g3 Nf6 4. Qc2 e6 5. Bg2 Qb6 6. O-O Bc5 7. e3 dxc4 8. Qxc4
Nbd7 9. d4 Bd6 10. Nc3 Qc7 11. b3 Nb6 12. Qe2 O-O 13. Bb2 Nbd5 14. e4 Nxc3 15.
Bxc3 Be7 16. Bb2 Bd7 17. Rac1 Qa5 18. Bc3 Qb6 19. Ne5 Rfd8 20. Nxd7 Rxd7 21.
Qb2 Bb4 22. Bxb4 1/2-1/2

[Event "12. Friedrichrodaer Open"]
[Site "Friedrichroda"]
[Date "2008.08.09"]
[Round "5.17"]
[White "Losch, Marika"]
[Black "Neumann, Karsten"]
[Result "0-1"]
[WhiteElo "1276"]
[BlackElo "1690"]
[PlyCount "64"]
[EventDate "2008.08.??"]
[EventType "swiss"]
[EventRounds "7"]
[WhiteTeam "vereinslos"]
[BlackTeam "TSG Neuruppin"]

1. e4 c5 2. Nf3 e6 3. d4 cxd4 4. Nxd4 a6 5. Bd3 Qc7 6. O-O b5 7. Be3 Bb7 8. f4
d6 9. Nd2 Nd7 10. N2b3 Nb6 11. Na5 Nc4 12. Bxc4 Bxe4 13. Bxe6 fxe6 14. Nab3 Qf7
15. Nd2 Bd5 16. Rf2 Nf6 17. N2f3 h6 18. Nd2 Be7 19. Qe2 O-O 20. c4 bxc4 21.
Nxc4 Rab8 22. b3 Ne4 23. Rff1 Bf6 24. Nd2 Nxd2 25. Qxd2 Rfc8 26. Rae1 Qb7 27.
g4 Rc7 28. g5 Bxd4 29. Bxd4 Rbc8 30. f5 Rc2 31. Qa5 Rg2+ 32. Kh1 Rxg5+ 0-1

[Event "12. Friedrichrodaer Open"]
[Site "Friedrichroda"]
[Date "2008.08.09"]
[Round "5.18"]
[White "von Bassewitz, Ingo"]
[Black "Maczollek, Helmut"]
[Result "1-0"]
[WhiteElo "1678"]
[BlackElo "1719"]
[PlyCount "87"]
[EventDate "2008.08.??"]
[EventType "swiss"]
[EventRounds "7"]
[WhiteTeam "TuS 1860 Magdeburg"]
[BlackTeam "Schachklub Turm Lage 1926"]

1. Nf3 d5 2. g3 c6 3. Bg2 Nf6 4. O-O e6 5. a4 Be7 6. Na3 b6 7. c4 O-O 8. cxd5
cxd5 9. Nb5 a6 10. Nc3 Bb7 11. d4 Nbd7 12. Bg5 Rc8 13. Rc1 h6 14. Bf4 Nh7 15.
Ne5 Nxe5 16. Bxe5 Bf6 17. Bf4 Bg5 18. Qd2 Bxf4 19. Qxf4 Nf6 20. Na2 Qd7 21. Nc3
Qe7 22. g4 Nh7 23. e4 Qg5 24. Qxg5 Nxg5 25. exd5 exd5 26. Bxd5 Bxd5 27. Nxd5
Rxc1 28. Rxc1 Nf3+ 29. Kg2 Nxd4 30. Nxb6 Rb8 31. Rc8+ Rxc8 32. Nxc8 Ne6 33. b4
Kf8 34. Kf3 Ke8 35. Ke4 Kd7 36. Nb6+ Kc6 37. Nc4 Nc7 38. Ne5+ Kd6 39. Nxf7+ Ke6
40. Nd8+ Kd6 41. Nb7+ Kc6 42. Nc5 Nd5 43. Nxa6 Kb6 44. Kxd5 1-0